| 000 | 00470nam a2200121Ia 4500 | ||
|---|---|---|---|
| 008 | 160712s9999 xx 000 0 und d | ||
| 100 | _aBalela, Mary Donnabelle L. | ||
| 245 |
_cMary Donnabelle L. Balela, _aFormation of Highly Antimicrobial Copper Nanoparticles by Electroless Deposition in Water |
||
| 260 |
_c2015 _bScience Diliman |
||
| 300 | _avol. 27 no. 2 | ||
| 650 | _xSCIENCE | ||
| 856 | _uhttp://journals.upd.edu.ph/index.php/sciencediliman/issue/view/511/showToc | ||
| 999 |
_c297102 _d297102 |
||